000
00280 a2200145 4500
001
160873
020
_a
040
_c
Magnum
100
_a
La Fontaine
240
1
0
_a
O anao pao-duro
_l
por
245
1
0
_a
O anao pao-duro
362
0
_a
1899
697
_a
I/FABULAS
942
_c
BK
999
_c
160873
_d
160873